00464nam a2200145 i 4500001000700000003000900007005001700016007000300033008004100036100004600077245012000123260003500243300001900278852002100297134842ES-MaACL20251019063053.0t|070629s1929 fr ||||1| fre d1 aVan Tieghem, Philippe Adrien, d1898-196913aLa nouvelle Heloïse de Jean-Jacques Rousseau b: avec un index de tous les noms cités / cPhilippe van Tieghem. aParis : bF. Paillart, c1929. a144 ; c19 cm. aES-MaACLjA-3157